<?xml version="1.0" encoding="UTF-8"?>
<record
    xmlns:xsi="http://www.w3.org/2001/XMLSchema-instance"
    xsi:schemaLocation="http://www.loc.gov/MARC21/slim http://www.loc.gov/standards/marcxml/schema/MARC21slim.xsd"
    xmlns="http://www.loc.gov/MARC21/slim">

  <leader>00666nam a22001337a 4500</leader>
  <datafield tag="040" ind1=" " ind2=" ">
    <subfield code="c">RUA</subfield>
  </datafield>
  <datafield tag="082" ind1=" " ind2=" ">
    <subfield code="a">AGR PHA 2022&#x200B; B1-490 Or.</subfield>
  </datafield>
  <datafield tag="100" ind1=" " ind2=" ">
    <subfield code="a">PHAT SOMARIYA &#x1795;&#x17B6;&#x178F; &#x179F;&#x17BB;&#x1798;&#x17C9;&#x17B6;&#x179A;&#x17B8;&#x1799;&#x17C9;&#x17B6;</subfield>
  </datafield>
  <datafield tag="245" ind1=" " ind2=" ">
    <subfield code="a">UTILIZATION OF DIFFERENT NITROGEN RATES ON CHINESE KALE (Brassica oleracea) IN DRY SEASON &#x1780;&#x17B6;&#x179A;&#x1794;&#x17D2;&#x179A;&#x17BE;&#x1794;&#x17D2;&#x179A;&#x17B6;&#x179F;&#x17CB;&#x1780;&#x1798;&#x17D2;&#x179A;&#x17B7;&#x178F;&#x17A2;&#x17B6;&#x179F;&#x17BC;&#x178F;&#x1781;&#x17BB;&#x179F;&#x1782;&#x17D2;&#x1793;&#x17B6;&#x179B;&#x17BE;&#x178A;&#x17C6;&#x178E;&#x17B6;&#x17C6;&#x1781;&#x17B6;&#x178F;&#x17CB;&#x178E;&#x17B6;&#x178A;&#x17BE;&#x1798;&#x1793;&#x17C5;&#x179A;&#x178A;&#x17BC;&#x179C;&#x1794;&#x17D2;&#x179A;&#x17B6;&#x17C6;&#x1784;</subfield>
  </datafield>
  <datafield tag="260" ind1=" " ind2=" ">
    <subfield code="a">PHNOM PENH</subfield>
    <subfield code="b">RUA</subfield>
    <subfield code="c">2022</subfield>
  </datafield>
  <datafield tag="300" ind1=" " ind2=" ">
    <subfield code="a">IX. 31P</subfield>
    <subfield code="b">VII.</subfield>
    <subfield code="c">29CM</subfield>
  </datafield>
  <datafield tag="856" ind1=" " ind2=" ">
    <subfield code="u">https://drive.google.com/file/d/1EaAoAbnBmcJmnzvDv2InGvc9qCUyFfI7/view?usp=sharing</subfield>
  </datafield>
  <datafield tag="942" ind1=" " ind2=" ">
    <subfield code="c">AGR</subfield>
  </datafield>
  <datafield tag="999" ind1=" " ind2=" ">
    <subfield code="c">23298</subfield>
    <subfield code="d">23298</subfield>
  </datafield>
  <datafield tag="952" ind1=" " ind2=" ">
    <subfield code="0">0</subfield>
    <subfield code="1">0</subfield>
    <subfield code="2">ddc</subfield>
    <subfield code="4">0</subfield>
    <subfield code="6">AGR_PHA_2022_B1490_OR_1_000000000000000</subfield>
    <subfield code="7">0</subfield>
    <subfield code="9">99911</subfield>
    <subfield code="a">LBB</subfield>
    <subfield code="b">LBB</subfield>
    <subfield code="c">B1.490</subfield>
    <subfield code="d">2024-07-16</subfield>
    <subfield code="o">AGR PHA 2022&#x200B; B1-490 Or.1</subfield>
    <subfield code="p">a076396</subfield>
    <subfield code="r">2024-07-16</subfield>
    <subfield code="w">2024-07-16</subfield>
    <subfield code="y">AGR</subfield>
  </datafield>
  <datafield tag="952" ind1=" " ind2=" ">
    <subfield code="0">0</subfield>
    <subfield code="1">0</subfield>
    <subfield code="2">ddc</subfield>
    <subfield code="4">0</subfield>
    <subfield code="6">AGR_PHA_2022_B1490_OR_2_000000000000000</subfield>
    <subfield code="7">0</subfield>
    <subfield code="9">99912</subfield>
    <subfield code="a">LBB</subfield>
    <subfield code="b">LBB</subfield>
    <subfield code="c">B1.490</subfield>
    <subfield code="d">2024-07-16</subfield>
    <subfield code="o">AGR PHA 2022&#x200B; B1-490 Or.2</subfield>
    <subfield code="p">a076291</subfield>
    <subfield code="r">2024-07-16</subfield>
    <subfield code="w">2024-07-16</subfield>
    <subfield code="y">AGR</subfield>
  </datafield>
  <datafield tag="952" ind1=" " ind2=" ">
    <subfield code="0">0</subfield>
    <subfield code="1">0</subfield>
    <subfield code="2">ddc</subfield>
    <subfield code="4">0</subfield>
    <subfield code="6">AGR_PHA_2022_B1490_OR_3_000000000000000</subfield>
    <subfield code="7">0</subfield>
    <subfield code="9">99913</subfield>
    <subfield code="a">LBB</subfield>
    <subfield code="b">LBB</subfield>
    <subfield code="c">B1.490</subfield>
    <subfield code="d">2024-07-16</subfield>
    <subfield code="o">AGR PHA 2022&#x200B; B1-490 Or.3</subfield>
    <subfield code="p">a076372</subfield>
    <subfield code="r">2024-07-16</subfield>
    <subfield code="w">2024-07-16</subfield>
    <subfield code="y">AGR</subfield>
  </datafield>
  <datafield tag="952" ind1=" " ind2=" ">
    <subfield code="0">0</subfield>
    <subfield code="1">0</subfield>
    <subfield code="2">ddc</subfield>
    <subfield code="4">0</subfield>
    <subfield code="6">AGR_PHA_2022_B1490_OR_4_000000000000000</subfield>
    <subfield code="7">0</subfield>
    <subfield code="9">99914</subfield>
    <subfield code="a">LBB</subfield>
    <subfield code="b">LBB</subfield>
    <subfield code="c">B1.490</subfield>
    <subfield code="d">2024-07-16</subfield>
    <subfield code="o">AGR PHA 2022&#x200B; B1-490 Or.4</subfield>
    <subfield code="p">a076199</subfield>
    <subfield code="r">2024-07-16</subfield>
    <subfield code="w">2024-07-16</subfield>
    <subfield code="y">AGR</subfield>
  </datafield>
</record>
